The city shaped : (Record no. 96959)
[ view plain ]
| 000 -LEADER | |
|---|---|
| fixed length control field | 00660pam a2200205 a 4500 |
| 001 - CONTROL NUMBER | |
| control field | 4381125 |
| 005 - DATE AND TIME OF LATEST TRANSACTION | |
| control field | 20170811105914.0 |
| 008 - FIXED-LENGTH DATA ELEMENTS--GENERAL INFORMATION | |
| fixed length control field | 910227s1991 mauab b 001 0 eng |
| 020 ## - INTERNATIONAL STANDARD BOOK NUMBER | |
| International Standard Book Number | 0821218670 : |
| 040 ## - CATALOGING SOURCE | |
| Transcribing agency | PK-LaUMT |
| 082 00 - DEWEY DECIMAL CLASSIFICATION NUMBER | |
| Classification number | 711.409 |
| Edition number | 20 |
| Item number | KOS-C |
| 100 1# - MAIN ENTRY--PERSONAL NAME | |
| Personal name | Kostof, Spiro |
| 245 14 - TITLE STATEMENT | |
| Title | The city shaped : |
| Remainder of title | urban patterns and meanings through history / |
| Statement of responsibility, etc | Spiro Kostof ; original drawings by Richard Tobias |
| 260 ## - PUBLICATION, DISTRIBUTION, ETC. (IMPRINT) | |
| Place of publication, distribution, etc | Boston : |
| Name of publisher, distributor, etc | Little, Brown, |
| Date of publication, distribution, etc | 1991 |
| 300 ## - PHYSICAL DESCRIPTION | |
| Extent | 352 p. : |
| Other physical details | ill. (some col.), maps ; |
| Dimensions | 26 cm. |
| 500 ## - GENERAL NOTE | |
| General note | "A Bulfinch Press book." |
| 650 #0 - SUBJECT ADDED ENTRY--TOPICAL TERM | |
| Topical term or geographic name as entry element | Cities and towns |
| General subdivision | History. |
| 650 #0 - SUBJECT ADDED ENTRY--TOPICAL TERM | |
| Topical term or geographic name as entry element | Cities and towns |
| General subdivision | Growth. |
| 942 ## - ADDED ENTRY ELEMENTS (KOHA) | |
| Koha item type | Books |
| Withdrawn status | Lost status | Damaged status | Home library | Current library | Date acquired | Full call number | Barcode | Date last seen | Price effective from | Koha item type |
|---|---|---|---|---|---|---|---|---|---|---|
| UMT Main Campus | UMT Main Campus | 2017-08-11 | 711.409 KOS-C | 112229 | 2026-02-17 | 2017-08-11 | Books |
